Statistics for 30 Biggest U.S. States by Area Quiz

Click here to take the quiz!

General Stats

  • This quiz has been taken 73 times
  • The average score is 25 of 30

Answer Stats

LetterArea (sq. km)Answer% Correct
A665,834Alaska
100%
T268,596Texas
100%
C163,694California
98%
U84,896Utah
94%
A113,990Arizona
92%
O98,378Oregon
92%
K82,278Kansas
90%
M147,039Montana
89%
W97,813Wyoming
89%
F65,757Florida
87%
N121,590New Mexico
87%
C104,093Colorado
85%
N110,571Nevada
85%
W71,297Washington
85%
G59,425Georgia
84%
S77,115South Dakota
84%
A53,178Arkansas
82%
I83,568Idaho
82%
I56,272Iowa
81%
O69,898Oklahoma
81%
N70,698North Dakota
79%
I57,913Illinois
77%
M96,713Michigan
76%
A52,420Alabama
74%
M86,935Minnesota
74%
N77,347Nebraska
74%
M69,706Missouri
73%
N54,554New York
73%
W65,496Wisconsin
73%
N53,819North Carolina
69%

Score Distribution

Percentile by Number Answered

Percent of People with Each Score

Your Score History

You have not taken this quiz